008750000a22002530004500090001300000245014000013044001300153041001400166690003200180690001900212690002200231690002400253690002300277690002300300690002000323690002200343690002300365690002200388700003600410100004000446942001300486773010500499999001700604 aSERIADAS10aEstudio de emergencia de insectos acuáticos en las zonas de bosque ripario, bosque plantado y pastos, Abejorral (Antioquia, Colombia) aColombia0 aEspañol aInsectos acuáticos910191 aBosques992270 aDípteros914945 aTrichopteros992578 aHymenopteros99370 aLepidopteros94756 aOdonata9100651 aHemipteros917386 aPlecopteros992577 aColeopteros978571 aRoldán Pérez, Gabriel920821 aRúa Rivillas, Juan Camilo9100653 cARTICULO1 tRevista de la Academia Colombiana de Ciencias Exactas, Físicas y Naturalesh122q105-123d2008g32 c16351d16351